000 00693nam a2200229 a 4500
001 72467
003 BD-RjUL
005 20211209082250.0
008 170520s1987 nyuaf 001 0 eng
020 _a0023897406
035 _a(BD-RjUL)72685
040 _aDLC
_cDLC
_dDLC
_dBD-RjUL
_beng
041 _aeng
082 0 0 _223
_a540
_bOUU 1987
100 1 _aOuellette, Robert J.,
_d1938-
_9214323
245 1 0 _aUnderstanding chemistry :
_bStudy guide /
_cRobert J. Ouellette.
260 _aNew York :
_bMacmillan Pub. Co. ;
_aLondon :
_bCollier Macmillan Publishers,
_cc1987.
300 _a218 p. :
_bill. ;
_c29 cm.
500 _aIncludes index.
650 0 _aChemistry.
_9214324
942 _2ddc
_cBK
999 _c72467
_d72467